Building briefing (Record no. 80850)

MARC details
000 -LEADER
fixed length control field 01014cab a22001935a 4500
001 - CONTROL NUMBER
control field L145518
008 - FIXED-LENGTH DATA ELEMENTS--GENERAL INFORMATION
fixed length control field 081017s2008 xxkado f 000 0 eng d
035 ## - SYSTEM CONTROL NUMBER
System control number (Sirsi) u145518
041 0# - LANGUAGE CODE
Language code of text/sound track or separate title eng
100 1# - MAIN ENTRY--PERSONAL NAME
Personal name Birch, Adrian
245 00 - TITLE STATEMENT
Title Building briefing
Remainder of title energy efficiency
-- part 1, conservation and benefits
260 ## - PUBLICATION, DISTRIBUTION, ETC.
Date of publication, distribution, etc. 2008
490 ## - SERIES STATEMENT
Series statement Letting Update Journal
Volume/sequential designation (16)3 October 2008, 22-32(3)
520 ## - SUMMARY, ETC.
Summary, etc. Article addresses the importance of efficient energy consumption and suggests that tenants will start to make informed decisions about choosing to rent properties that are more energy efficient in future. Suggests a strategic approach to energy efficiency and provides cost benefits analysis for a variety of home improvements. Identifies the main areas of energy consumption and discusses areas where landlords can improve these for potential tenants.
590 ## - LOCAL NOTE (RLIN)
Local note KA
651 #4 - SUBJECT ADDED ENTRY--GEOGRAPHIC NAME
Geographic name United Kingdom
Chronological subdivision
690 ## - LOCAL SUBJECT ADDED ENTRY--TOPICAL TERM (OCLC, RLIN)
Topical term or geographic name as entry element ENVIRONMENTAL AND LAND CONSULTANCY-ENERGY-ENERGY USE-ENERGY EFFICIENCY
942 ## - ADDED ENTRY ELEMENTS (KOHA)
Suppress in OPAC 0
Holdings
Withdrawn status Lost status Source of classification or shelving scheme Damaged status Not for loan Home library Current library Shelving location Date acquired Total Checkouts Full call number Barcode Date last seen Copy number Price effective from Koha item type
    Dewey Decimal Classification     London London Journal article 17/10/2008   L145518 145518-1001 06/08/2019 1 06/08/2019 Journal article